000 00672nam a22002417a 4500
003 UA-OsUOA
001 89638
007 ta
008 20121108b un ||||| |||| 00| 0 ukr d
100 _aКовальчук М. А.
090 _a94(477.41)
_bК56
942 _cBK
040 _aUA-OsUOA
_bukr
_cUA-OsUOA
_dUA-OsUOA
245 _aРоде мій красний
_bхроніка польсьского села
300 _a400 с.
955 _a1
041 _aukr
080 _a94(477.41)
020 _a978-966-2171-70-9
260 _aК.
_bПульсари
_c2010
650 7 _a9 Географія. Біографії. Історія
_2UDC
999 _c375804
_d375804